| 000 | 00796nam a2200241 i 4500 | ||
|---|---|---|---|
| 001 | bg | ||
| 245 | 0 | 0 |
_aĆwiczenia rachunkowe z metrologii długości i kąta / _cStanisław Adamczak [i in.]. |
| 250 | _a[Wyd.3]. | ||
| 260 |
_aKielce : _bDział Wydawnictw PŚ, _c1994. |
||
| 300 |
_a217 s., [5] k. tabl. złoż. : _brys., wykr. ; _c24 cm. |
||
| 490 | 1 |
_aSkrypty / Politechnika Świętokrzyska, _x0239-6386 ; _v252 |
|
| 504 | _aBibliogr. s. 215-216. | ||
| 650 | 4 |
_aPomiary _xbłędy |
|
| 650 | 4 | _aTolerancje i pasowania | |
| 650 | 4 | _aPodręczniki akademickie | |
| 700 | 1 |
_aAdamczak, Stanisław _d(1948- ). |
|
| 830 | 0 |
_aSkrypty (Politechnika Świętokrzyska) ; _v252 |
|
| 040 | _cBPK | ||
| 041 | 0 | _apl | |
| 080 | _a531.7(075.8) | ||
| 942 | _cKS | ||
| 008 | s pl f |000 0 pol | ||
| 999 |
_c6739 _d6739 |
||
| 856 |
_uhttp://koha.tu.koszalin.pl/cgi-bin/koha/opac-detail.pl?biblionumber=6739 _yKatalog online BPK |
||